| 000 | 00669nam a2200193 a 4500 | ||
|---|---|---|---|
| 001 | 000013613 | ||
| 005 | 20240521193438.0 | ||
| 008 | 091126s1982 dr r 000 0 spa d | ||
| 040 |
_aDO-SdBNP _bspa _cBNPHU |
||
| 082 |
_a342 _bH831l |
||
| 100 | 1 |
_aHostos, E. M. de, _d1839 -1903 _qEugenio María de Hostos _931009 |
|
| 245 | 1 | 0 |
_aLecciones de derecho constitucional / _cE. M. de Hostos ; prólogo Manuel A. Amiama. |
| 260 |
_aSanto Domingo : _bONAP, _c1982. |
||
| 300 |
_a433 p. ; _c21 cm. |
||
| 490 | 1 |
_aEstudios jurídicos _v11 |
|
| 650 | 0 |
_aDerecho constitucional _910314 |
|
| 700 | 1 |
_aAmiama, Manuel A. _d1899-1991 _epról. _98438 |
|
| 830 | 0 |
_aEstudios jurídicos _98442 |
|
| 999 |
_c13227 _d13227 |
||